00780 2200181 4500245003400000020002200034250001100056100001500067700001700082650001700099005001900116260003100135041001400166084001100180300003100191500036700222336000900589 aDear, NattacTenderlovahText a978-602-489-935-6 aCet. 1 aTenderlova aLovRinz Desk aNovel Remaja a20240215085927 aCirebonbCv. RinMedic2020 aIndonesia a808.83 avi + 365 hlm :c14 x 20 cm aDear Natta bercerita tentang perjalanan cinta Renatta Dewangsa dan Jeno Setyo Novanto yang diwarnai intrik percintaan yang rumit. Natta selalu berpikir bahwa cinta Jeno tidak benar-benar tulus untuknya. Dan saat itulah, Attala Rajasa, laki-laki yang dulunya pernah dekat dengan Natta hadir lagi. Memberikan kebahagiaan yang tidak pernah Natta dapatkan dari Jeno. atext